[Event "Cerrado A"]
[Site "?"]
[Date "2012.02.10"]
[Round "1"]
[White "Abreu, Carlos Paul"]
[Black "Subervi, Jonathan"]
[Result "1-0"]
[WhiteElo "2217"]
[BlackElo "2133"]
[Annotator "Peco"]
[PlyCount "87"]
[EventDate "2012.02.10"]
[EventType "tourn"]
[EventRounds "1"]
[SourceDate "2012.02.10"]

1. Nf3 Nf6 2. c4 g6 3. b3 Bg7 4. Bb2 c5 5. e3 Nc6 6. Be2 O-O 7. O-O d5 8. cxd5
Nxd5 9. Bxg7 Kxg7 10. d4 Qa5 11. e4 Nf4 12. d5 Rd8 13. Nbd2 Nxe2+ 14. Qxe2 Nb8
15. Ne5 e6 16. Ndc4 Qa6 17. Rad1 (17. Qf3 $1 Rf8 (17... f6 18. Nd3 Nd7 19. Qg3
$18) 18. Rfd1) 17... exd5 18. exd5 b5 19. Nb2 (19. d6 $1 bxc4 20. Nxf7 $1 Rf8
21. Ng5) 19... Re8 20. f4 f6 21. Qf3 Nd7 22. Nc6 Qxa2 23. Rde1 Bb7 24. Qh3 Nf8
$2 25. Qc3 Qa6 26. Qxc5 Qb6 27. Qxb6 axb6 28. Nd3 Rxe1 29. Rxe1 Bxc6 30. dxc6
Kf7 31. Nb4 Ne6 32. Nd5 Rc8 33. c7 b4 34. g3 b5 35. Kf2 f5 36. Re3 Ra8 37. Rxe6
Kxe6 38. Nb6 Rh8 39. c8=Q+ Rxc8 40. Nxc8 Kd7 41. Na7 Kc7 42. Nxb5+ Kc6 43. Nd4+
Kd5 44. Ke3 1-0

[Event "Cerrado A"]
[Site "?"]
[Date "2012.02.10"]
[Round "1"]
[White "Flaquer, Luis"]
[Black "Puntier, William"]
[Result "1/2-1/2"]
[WhiteElo "2272"]
[BlackElo "2343"]
[Annotator "Peco"]
[PlyCount "72"]
[EventDate "2012.02.10"]
[EventType "tourn"]
[EventRounds "1"]
[SourceDate "2012.02.10"]

1. e4 e5 2. Nf3 Nc6 3. Bb5 a6 4. Ba4 Nf6 5. O-O Be7 6. c3 Nxe4 7. d4 exd4 8.
Re1 Nc5 9. cxd4 Nxa4 10. Qxa4 d5 11. Ne5 Bd7 12. Nxc6 Bxc6 13. Qa3 Qd6 14. b3
Kd7 15. b4 Rae8 16. Qh3+ Kd8 17. Ba3 Bf6 18. Nc3 Bxd4 19. b5 Qxa3 20. bxc6 bxc6
21. Rec1 Qb2 22. Qh4+ Bf6 23. Qa4 Bxc3 24. Rab1 Qd2 (24... Qe2 $1) 25. Qxc6 Be5
26. Rd1 Qf4 (26... Re6) 27. g3 Qf6 28. Rxd5+ Bd6 (28... Ke7 $1 $19) 29. Rbd1 (
29. Rb7 $1) 29... Ke7 30. Re1+ Kd8 31. Red1 Ke7 32. Re1+ Kd8 33. Rc1 Ke7 34.
Re1+ Kd8 35. Red1 Ke7 36. Re1+ Kd8 1/2-1/2

[Event "Cerrado A"]
[Site "?"]
[Date "2012.02.10"]
[Round "1"]
[White "Infante, Miguel"]
[Black "Jaquez, Juan Manuel"]
[Result "1/2-1/2"]
[WhiteElo "2314"]
[BlackElo "2164"]
[PlyCount "110"]
[EventDate "2012.02.10"]
[EventType "tourn"]
[EventRounds "1"]
[SourceDate "2012.02.10"]

1. d4 Nf6 2. c4 e6 3. Nc3 Bb4 4. e3 c5 5. Bd3 Nc6 6. Nge2 d6 7. O-O O-O 8. Bd2
Ba5 9. Ne4 Bc7 10. Bc3 Nxe4 11. Bxe4 cxd4 12. Nxd4 Ne7 13. Nb5 Bb8 14. Bb4 d5
15. cxd5 exd5 16. Bf3 Re8 17. Rc1 Be6 18. Nd4 Ng6 19. Nxe6 fxe6 20. g3 Ne5 21.
Bg2 Nc6 22. Bc3 Be5 23. Qb3 Qe7 24. Rfd1 Rad8 25. Qa4 Qf6 26. Qa3 Rd7 27. f4
Bxc3 28. Qxc3 Red8 29. Qxf6 gxf6 30. Rc5 Ne7 31. Bf1 a6 32. Rdc1 Kf7 33. Rc7
Nf5 34. Kf2 Nd6 35. Bd3 f5 36. g4 fxg4 37. Bxh7 Ke7 38. Bd3 Rh8 39. Kg3 Rh3+
40. Kxg4 Rxh2 41. R7c2 Rh8 42. Rg2 Rg8+ 43. Kf3 Rxg2 44. Kxg2 Ne8 45. Kf3 Kd6
46. Rc8 Nf6 47. Rf8 Ke7 48. Rb8 Rc7 49. Ke2 Ne8 50. Kd2 Nd6 51. b3 Nc8 52. e4
dxe4 53. Bxe4 Nd6 54. Bg2 Kf6 55. Bh3 Rh7 1/2-1/2

[Event "Cerrado A"]
[Site "?"]
[Date "2012.02.10"]
[Round "1"]
[White "Mazara, Adan"]
[Black "Guzman, Christopher"]
[Result "1/2-1/2"]
[WhiteElo "2289"]
[BlackElo "2159"]
[PlyCount "73"]
[EventDate "2012.02.10"]
[EventType "tourn"]
[EventRounds "1"]
[SourceDate "2012.02.10"]

1. Nf3 d6 2. d4 Nd7 3. c4 e5 4. Nc3 Ngf6 5. g3 g6 6. Bg2 Bg7 7. O-O O-O 8. h3
c6 9. Qc2 Qc7 10. Rd1 Re8 11. Rb1 Nf8 12. b4 Ne6 13. dxe5 dxe5 14. Be3 Bd7 15.
a4 Rad8 16. a5 b6 17. Ra1 Rc8 18. axb6 axb6 19. Ng5 Nxg5 20. Bxg5 Ra8 21. Rxa8
Rxa8 22. Bxf6 Bxf6 23. b5 Rc8 24. Rxd7 Qxd7 25. bxc6 Rxc6 26. Bxc6 Qxc6 27. Nd5
Bd8 28. Qe4 Qe6 29. Kg2 Kg7 30. h4 Be7 31. e3 Bc5 32. Qb1 h6 33. Qb5 g5 34. h5
Qf5 35. Qc6 e4 36. Nxb6 Qf3+ 37. Kg1 1/2-1/2

[Event "Cerrado A"]
[Site "?"]
[Date "2012.02.11"]
[Round "2"]
[White "Montes De Oca, Alexis"]
[Black "Guzman, Christopher"]
[Result "1-0"]
[WhiteElo "2233"]
[BlackElo "2159"]
[Annotator "Peco"]
[PlyCount "75"]
[EventDate "2012.02.10"]
[EventType "tourn"]
[EventRounds "1"]
[SourceDate "2012.02.10"]

1. e4 c5 2. Nf3 e6 3. Nc3 a6 4. d4 cxd4 5. Nxd4 Qc7 6. g3 Nf6 7. Bg2 Be7 8. O-O
O-O 9. a4 d6 10. g4 Nc6 11. Nxc6 bxc6 12. g5 Ne8 13. Be3 Rb8 14. b3 f5 15. exf5
exf5 16. Bf4 g6 17. Re1 Rf7 18. Qf3 Bd7 19. Rad1 Rc8 20. Re3 Qa5 21. Qg3 Ng7
22. Bf3 Ne6 23. Ne2 Re8 24. Nd4 (24. Rxe6 $1 Bxe6 25. Bxc6) 24... Nxf4 25. Qxf4
d5 26. Rde1 Qd8 27. Ne6 Qb8 28. h4 Bd6 29. Qd4 Rfe7 30. Nc5 Rxe3 31. Rxe3 Qb6
32. Bxd5+ cxd5 33. Qxd5+ Be6 34. Rxe6 Rxe6 35. Qxe6+ Kg7 36. Qd7+ Kg8 37. Ne6
Bh2+ 38. Kh1 1-0

[Event "Cerrado A"]
[Site "?"]
[Date "2012.02.11"]
[Round "2"]
[White "Jaquez, Juan Manuel"]
[Black "Mazara, Adan"]
[Result "1/2-1/2"]
[WhiteElo "2164"]
[BlackElo "2289"]
[PlyCount "45"]
[EventDate "2012.02.10"]
[EventType "tourn"]
[EventRounds "1"]
[SourceDate "2012.02.10"]

1. e4 c6 2. d4 d5 3. e5 c5 4. dxc5 Nc6 5. Nf3 Bg4 6. Bb5 e6 7. Be3 Nh6 8. c3
Qc7 9. Nbd2 Nf5 10. Bd4 Be7 11. h3 Nfxd4 12. cxd4 Bh5 13. O-O O-O 14. Bxc6 Qxc6
15. Qe2 a5 16. Rfc1 Bg6 17. a4 Rfc8 18. Rc3 f6 19. Re3 Bf7 20. Rb3 Bd8 21. Nb1
b6 22. Rc3 Be7 23. cxb6 1/2-1/2

[Event "Cerrado A"]
[Site "?"]
[Date "2012.02.11"]
[Round "2"]
[White "Puntier, William"]
[Black "Infante, Miguel"]
[Result "1-0"]
[WhiteElo "2343"]
[BlackElo "2314"]
[Annotator "Peco"]
[PlyCount "75"]
[EventDate "2012.02.10"]
[EventType "tourn"]
[EventRounds "1"]
[SourceDate "2012.02.10"]

1. e4 e5 2. Nf3 Nc6 3. Bb5 Nf6 4. d3 Bc5 5. O-O d6 6. c3 O-O 7. Bxc6 bxc6 8.
Bg5 h6 9. Bh4 Bg4 10. h3 Bxf3 11. Qxf3 g5 12. Bg3 Ne8 13. Rd1 Qf6 14. d4 Qxf3
15. gxf3 exd4 16. cxd4 Bb6 17. f4 (17. Nc3 f5) 17... Nf6 18. Nc3 Rae8 19. f3
Nh5 20. Kh2 gxf4 21. Bf2 f5 22. Rg1+ Kh7 23. Rae1 Ng3 24. Rg2 Rf7 25. h4 Rfe7
26. Reg1 fxe4 27. fxe4 Rf7 (27... Ne2 28. Nxe2 f3 29. Rg3 fxe2 30. Rf3) (27...
Nxe4 28. Nxe4 Rxe4 29. Rg7+ Kh8 30. R1g4 Re2 31. R7g6) 28. Re1 Nh5 29. Rg4 Rg7
30. Reg1 Rxg4 31. Rxg4 Ba5 32. Kg2 Rb8 33. Na4 Bd2 34. Kf3 Nf6 35. Rg2 Re8 36.
e5 dxe5 37. dxe5 Rxe5 $4 (37... Nd7 38. Bd4 Be3) 38. Bd4 1-0

[Event "Cerrado A"]
[Site "?"]
[Date "2012.02.11"]
[Round "2"]
[White "Subervi, Jonathan"]
[Black "Flaquer, Luis"]
[Result "1/2-1/2"]
[WhiteElo "2133"]
[BlackElo "2272"]
[Annotator "Peco"]
[PlyCount "33"]
[EventDate "2012.02.10"]
[EventType "tourn"]
[EventRounds "1"]
[SourceDate "2012.02.10"]

1. d4 Nf6 2. c4 g6 3. Nc3 d5 4. cxd5 Nxd5 5. e4 Nxc3 6. bxc3 Bg7 7. Nf3 c5 8.
Be3 O-O 9. Qd2 Qa5 10. Rb1 b6 11. Bd3 (11. Rb5 Qa4 12. Rb3 Ba6) 11... Ba6 12.
Bxa6 Qxa6 ({Relevante:} 12... Nxa6 13. O-O cxd4 14. cxd4 Qxd2 15. Bxd2 Rfc8 16.
Rfc1 e6 17. Kf1 f5 18. exf5 exf5 19. a4 Nc7 20. Rc6 Nd5 21. Rbc1 Rd8 22. Bg5
Rd7 23. Ne5 Bxe5 24. dxe5 Rb7 25. Rd6 Ne7 26. e6 Kg7 27. Rd7 Rxd7 28. exd7 Kf7
29. Bxe7 Kxe7 30. Rc8 {1-0 (30) Kobalia,M (2679)-Danin,A (2534)/Taganrog 2011/
CBM 143}) 13. Qe2 $146 (13. h4 $5) ({Predecesor:} 13. h4 cxd4 14. cxd4 Rd8 15.
h5 Nc6 16. hxg6 hxg6 17. Rd1 Nxd4 18. Nxd4 e5 19. Qb2 exd4 20. Bxd4 Qa4 21. e5
Bxe5 22. Rh4 Rd7 23. Rd3 Rad8 24. Bxe5 Qxh4 25. Rh3 Rd1+ 26. Ke2 Qc4+ 27. Ke3
Re1+ 28. Kf3 Rd3# {0-1 (28) Porte,H-Beeke,B/Hengelo 2001/EXT 2002}) 13... Rc8
14. Qxa6 Nxa6 15. Kd2 e6 16. g4 (16. Rhc1 f5 (16... Rd8 17. Ke2) 17. a4) 16...
Rd8 (16... cxd4 17. cxd4 Rc4 18. Rhc1 Ra4) 17. Ke2 1/2-1/2

[Event "Cerrado A"]
[Site "?"]
[Date "2012.02.11"]
[Round "3"]
[White "Abreu, Carlos Paul"]
[Black "Montes De Oca, Alexis"]
[Result "1/2-1/2"]
[WhiteElo "2217"]
[BlackElo "2233"]
[PlyCount "58"]
[EventDate "2012.02.10"]
[EventType "tourn"]
[EventRounds "1"]
[SourceDate "2012.02.10"]

1. d4 Nf6 2. c4 e5 3. e3 exd4 4. exd4 d5 5. Nc3 Be7 6. Nf3 O-O 7. Bd3 Nc6 8.
O-O Bg4 9. cxd5 Nb4 10. Be2 Nbxd5 11. a3 c6 12. Qc2 Re8 13. Re1 Bd6 14. Bg5 Qc7
15. h3 Bh5 16. Nh4 Bxe2 17. Rxe2 Rxe2 18. Qxe2 Re8 19. Nxd5 cxd5 20. Qd3 Ne4
21. Be3 Rc8 22. Nf5 Bf8 23. f3 Nd6 24. Nxd6 Qxd6 25. Rc1 Re8 26. Qd2 Qd7 27.
Bf4 Bd6 28. Bxd6 Qxd6 29. Re1 Re6 1/2-1/2

[Event "Cerrado A"]
[Site "?"]
[Date "2012.02.11"]
[Round "3"]
[White "Infante, Miguel"]
[Black "Subervi, Jonathan"]
[Result "1-0"]
[WhiteElo "2314"]
[BlackElo "2133"]
[PlyCount "105"]
[EventDate "2012.02.10"]
[EventType "tourn"]
[EventRounds "1"]
[SourceDate "2012.02.10"]

1. d4 Nf6 2. c4 g6 3. Nc3 d5 4. e3 Bg7 5. Qb3 e6 6. Qa3 a5 7. Nf3 Nc6 8. Be2
Nb4 9. O-O O-O 10. Qb3 b6 11. a3 dxc4 12. Bxc4 Nc6 13. Qc2 Bb7 14. Rd1 Nd5 15.
Ne2 f5 16. Nc3 Qd7 17. Bd2 Nxc3 18. bxc3 Kh8 19. Bb5 Qe7 20. c4 g5 21. Bc3 Na7
22. Ba4 g4 23. Nd2 Nc8 24. e4 fxe4 25. Nxe4 Nd6 26. d5 Nxe4 27. Bxg7+ Qxg7 28.
Qxe4 exd5 29. cxd5 Rf7 30. Rac1 Raf8 31. Qe2 Rxf2 32. Qxf2 Rxf2 33. Kxf2 Bxd5
34. Kg1 Qe5 35. Bc6 Bb3 36. Re1 Qd4+ 37. Kh1 h5 38. Re7 Qd6 39. Rd7 Qxa3 40.
Re1 Qb4 41. Ree7 Bg8 42. h3 a4 43. Re5 Qb1+ 44. Kh2 Qg6 45. Be4 Qh6 46. Re8 a3
47. Rdd8 g3+ 48. Kxg3 Qg5+ 49. Kf3 Qf6+ 50. Ke3 Qc3+ 51. Ke2 Qb2+ 52. Kd1 a2
53. Rxg8# 1-0

[Event "Cerrado A"]
[Site "?"]
[Date "2012.02.11"]
[Round "3"]
[White "Guzman, Christopher"]
[Black "Jaquez, Juan Manuel"]
[Result "1-0"]
[WhiteElo "2159"]
[BlackElo "2164"]
[PlyCount "129"]
[EventDate "2012.02.10"]
[EventType "tourn"]
[EventRounds "1"]
[SourceDate "2012.02.10"]

1. Nf3 g6 2. e4 Bg7 3. d4 d6 4. Bd3 Nc6 5. c3 e5 6. dxe5 dxe5 7. O-O Nge7 8.
Qe2 O-O 9. Rd1 Bd7 10. Na3 Qe8 11. Bc4 h6 12. Be3 Kh7 13. Ne1 a6 14. b4 Na7 15.
f3 Nb5 16. Nxb5 axb5 17. Bb3 f5 18. Rd2 Bc6 19. Bc5 b6 20. Bxe7 Qxe7 21. Rad1
Qf6 22. Nc2 h5 23. exf5 Qxf5 24. Ne3 Qg5 25. Bd5 Rf6 26. Nf1 Ra3 27. Ng3 Bxd5
28. Rxd5 Rf7 29. Ne4 Qe7 30. Qxb5 Kh6 31. Rd7 Qe6 32. Rxf7 Qxf7 33. Qd7 Qxa2
34. Qd3 Ra8 35. h4 Qf7 36. Qd2+ Qf4 37. g3 Qxd2 38. Rxd2 Rf8 39. Kf2 Rf7 40.
Rd8 Re7 41. Ke3 Rf7 42. Re8 Rd7 43. Re6 Rf7 44. Ke2 Bh8 45. c4 Rd7 46. c5 bxc5
47. bxc5 Bg7 48. Re8 Rf7 49. Re6 Rd7 50. c6 Rd8 51. Re7 Rc8 52. Ng5 Ra8 53.
Rxc7 e4 54. fxe4 Ra2+ 55. Kd3 Ra3+ 56. Kc4 Rxg3 57. Rf7 Rc3+ 58. Kd5 Rd3+ 59.
Ke6 Rc3 60. c7 Rc1 61. Kd7 Rd1+ 62. Ke8 Rc1 63. e5 Rc2 64. e6 Rc4 65. Kd7 1-0

[Event "Cerrado A"]
[Site "?"]
[Date "2012.02.12"]
[Round "4"]
[White "Puntier, William"]
[Black "Guzman, Christopher"]
[Result "1/2-1/2"]
[WhiteElo "2343"]
[BlackElo "2159"]
[PlyCount "71"]
[EventDate "2012.02.10"]
[EventType "tourn"]
[EventRounds "1"]
[SourceDate "2012.02.10"]

1. e4 e5 2. Nf3 Nc6 3. Bb5 a6 4. Ba4 Nf6 5. O-O b5 6. Bb3 Be7 7. Re1 O-O 8. h3
d6 9. c3 Na5 10. Bc2 c5 11. d4 Qc7 12. Nbd2 g6 13. Nf1 cxd4 14. cxd4 Bb7 15.
Bh6 Rfd8 16. Ne3 Nc4 17. Nxc4 bxc4 18. d5 Bc8 19. Ba4 Rb8 20. Re2 Bd7 21. Rc1
Rdc8 22. Bc6 Bxc6 23. Rxc4 Qb6 24. dxc6 Rxc6 25. Ra4 Qb5 26. Kh2 Rc4 27. Rxc4
Qxc4 28. b3 Qc6 29. Rc2 Qb7 (29... Qxe4 30. Rc7 Qd5 $1) 30. Qc1 Bd8 31. Ng5
Nxe4 32. Nxe4 Qxe4 33. Rc8 Qb7 34. Rxb8 Qxb8 35. Qc6 Bb6 36. g3 1/2-1/2

[Event "Cerrado A"]
[Site "?"]
[Date "2012.02.12"]
[Round "4"]
[White "Subervi, Jonathan"]
[Black "Mazara, Adan"]
[Result "1/2-1/2"]
[WhiteElo "2133"]
[BlackElo "2289"]
[PlyCount "29"]
[EventDate "2012.02.10"]
[EventType "tourn"]
[EventRounds "1"]
[SourceDate "2012.02.10"]

1. Nf3 Nf6 2. c4 g6 3. d4 c5 4. d5 b5 5. cxb5 a6 6. bxa6 Bxa6 7. Nc3 d6 8. g3
Bg7 9. Bg2 O-O 10. O-O Nbd7 11. Qc2 Qa5 12. Rd1 Rfb8 13. h3 Ne8 14. Bd2 Nc7 15.
e4 1/2-1/2

[Event "Cerrado A"]
[Site "?"]
[Date "2012.02.12"]
[Round "4"]
[White "Fernandez, Francis"]
[Black "Infante, Miguel"]
[Result "0-1"]
[WhiteElo "2315"]
[BlackElo "2314"]
[PlyCount "122"]
[EventDate "2012.02.10"]
[EventType "tourn"]
[EventRounds "1"]
[SourceDate "2012.02.10"]

1. d4 Nf6 2. c4 e6 3. Nf3 c5 4. d5 exd5 5. cxd5 d6 6. e4 g6 7. Nc3 Bg7 8. Bd3
O-O 9. O-O Bg4 10. h3 Bxf3 11. Qxf3 a6 12. a4 Nbd7 13. Qe2 Re8 14. Bg5 Qc7 15.
Rae1 Rac8 16. Bb1 c4 17. Qd2 Nc5 18. f4 Nb3 19. Qd1 Qc5+ 20. Kh2 Nd7 21. e5
dxe5 22. f5 Qd4 23. fxg6 hxg6 24. Qf3 Rf8 25. Rd1 Qb6 26. Be7 f5 27. Bxf8 Rxf8
28. d6 e4 29. Qe2 Ne5 30. d7 Nd4 31. Qf2 Nxd7 32. Kh1 Qc5 33. Qg3 Ne5 34. Bxe4
fxe4 35. Rxf8+ Kxf8 36. Nxe4 Qd5 37. Ng5 Kg8 38. Qh4 Nf7 39. Qh7+ Kf8 40. Nf3
Qe4 41. Re1 Ne2 42. Qh4 Qxh4 43. Nxh4 Nf4 44. Re4 g5 45. Rxc4 Nd6 46. Rb4 Nd5
47. Rb3 gxh4 48. Rd3 Be5 49. Rxd5 Bg3 50. Kg1 Ke7 51. Kf1 Ke6 52. Rd3 Ke5 53.
Ke2 Ke4 54. Rd1 Be5 55. b3 Nf5 56. Rd7 b6 57. Rb7 Nd4+ 58. Kf1 b5 59. axb5 axb5
60. Re7 Kd5 61. Ke1 Nxb3 0-1

[Event "Cerrado A"]
[Site "?"]
[Date "2012.02.12"]
[Round "4"]
[White "Abreu, Carlos Paul"]
[Black "Flaquer, Luis"]
[Result "1/2-1/2"]
[WhiteElo "2217"]
[BlackElo "2272"]
[PlyCount "164"]
[EventDate "2012.02.10"]
[EventType "tourn"]
[EventRounds "1"]
[SourceDate "2012.02.10"]

1. d4 Nf6 2. Nf3 e6 3. c4 Bb4+ 4. Bd2 a5 5. a3 Be7 6. Nc3 d5 7. Bg5 O-O 8. Bxf6
Bxf6 9. cxd5 exd5 10. e3 Re8 11. Be2 c6 12. O-O Nd7 13. b4 b5 14. Qc2 Nb6 15.
e4 Bg4 16. e5 Be7 17. bxa5 Rxa5 18. Bd3 g6 19. e6 Bxf3 20. exf7+ Kxf7 21. gxf3
Bd6 22. f4 Bxf4 23. Ne2 Bd6 24. Ng3 Nc4 25. a4 Qa8 26. Qc1 Kg8 27. Qg5 Qd8 28.
Qg4 Kh8 29. axb5 Rxa1 30. Rxa1 cxb5 31. Ra7 Re7 32. Rxe7 Qxe7 33. Kg2 Qf7 34.
h4 b4 35. h5 Bxg3 36. Qxg3 gxh5 37. Kf1 b3 38. Bxc4 dxc4 39. Qe5+ Kg8 40. Qg3+
Qg6 41. Qb8+ Kg7 42. Qc7+ Qf7 43. Qg3+ Kf8 44. Qb8+ Qe8 45. Qb4+ Qe7 46. Qxc4
Qb7 47. Qc5+ Ke8 48. Qxh5+ Kd8 49. Qg5+ Kc7 50. Qe7+ Kb8 51. Qf8+ Ka7 52. Qc5+
Qb6 53. Qe7+ Ka6 54. Qa3+ Kb7 55. Qe7+ Kb8 56. Qf8+ Ka7 57. Qe7+ Qb7 58. Qc5+
Kb8 59. Qd6+ Kc8 60. Qe6+ Kd8 61. Qd6+ Ke8 62. Qe6+ Kf8 63. Qf6+ Qf7 64. Qd8+
Kg7 65. Qg5+ Qg6 66. Qe7+ Qf7 67. Qg5+ Kf8 68. Qd8+ Qe8 69. Qd6+ Kf7 70. Qf4+
Ke7 71. Qe3+ Kd7 72. Qxb3 Qe4 73. Qb5+ Ke6 74. Qb3+ Kd6 75. Qa3+ Ke6 76. Qb3+
Kd6 77. Qb6+ Kd5 78. Qc5+ Ke6 79. Qh5 Kd6 80. Qc5+ Ke6 81. Qb6+ Kd5 82. Qd8+
Kc4 1/2-1/2